1412 1960 1880 1788 1040 1776 1973 1898 1377 1680 1857 1396 1832 1590 1635 1149 1145 1934 1362 1263 1571 1798 1517 1806 1597 1365 1824 1911 1036 1718 1349 1718 1977 1518 1373 1740 1821 1487 1232 1231 1778 1283 1358 1258 1695 1064 1843 1537 1434 1156 1838 1751 1433 1997 1531 1495 1825 1911 1974 1576 1143 1712 1423 1805 1304 1664 1858 1801 1653 1957 1025 1492 1231 1032 1570 1873 1249 1700 1833 1529 1465 1278 1608 1614 1876 1443 1022 1751 1336 1458 1392 1620 1915 1313 1824 1884 1036 1611 1240 BCNSPRNW ULIB Ver.6.0+V

เปลี่ยนเป็นภาษาไทย

Change to English
 แสดงรายละเอียดบรรณานุกรม
  กลับหน้าหลัก

Brief Record : Get Marc (ISO 2709) : E-mail record : QR code < ปิดหน้าต่าง
LEADER : 00000nam 2200000uu 4500
001    13399113179
003     ULIB
008    110930s2552||||th 000 0 tha d
020    9786169001850
050 04 QA76.76^bณ399ร 2552
100 0  ณาตยา ฉาบนาค
245 10 เรียนลัด 3 ระบบปฏิบัติการ Windows XP, Windows Vista, Windows 7 /^cณาตยา ฉาบนาค
260    กรุงเทพฯ :^bอินฟอร์เมชั่น เทคโนโลยี,^c2552
300    480 หน้า :^bภาพประกอบ
650  7 ไมโครซอฟต์วินโดวส์
650  7 วินโดวส์ (โปรแกรมคอมพิวเตอร์)
945    ^p229^l0^i027351
995    ทศพร
999 ^a ศิริพร
รายการนี้ยังไม่มีแท็ก
คุณยังไม่ได้ล็อกอิน คุณสามารถมีกิจกรรมร่วมกับเว็บไซต์ได้ แต่ต้องล็อกอินก่อน ::
  ล็อกอิน

รายการสื่อสารสนเทศ

ลำดับที่ ประเภท เลขเรียก/บาร์โค้ด สถานที่ สถานะ
- ไม่พบข้อมูล -

รายการใกล้เคียง
    ผู้แต่ง [ณาตยา ฉาบนาค]

    หัวเรื่อง [ไมโครซอฟต์วินโดวส์]
    หัวเรื่อง [วินโดวส์ (โปรแกรมคอมพิวเตอร์)]

BibComment


ยังไม่เคยถูกคอมเมนท์

คอมเมนท์ทรัพยากรรายการนี้
  คอมเมนท์: เรียนลัด 3 ระบบปฏ..


 Copyright 2026. Bcnsprnw @Library